| 000 | 01061nam a2200253 a 4500 | ||
|---|---|---|---|
| 001 | 000026243 | ||
| 005 | 20200930024426.0 | ||
| 008 | 110307s2007 dr a 000 0 spa d | ||
| 020 | _a9789945160963 | ||
| 040 |
_aDO-SdBNP _bspa _cBNPHU |
||
| 082 |
_a928.61 _bN234e |
||
| 245 | 0 | 3 |
_aLa narrativa de escritoras dominicanas contemporáneas : _breseñas y entrevistas / _cDoralina A. Martínez Conde. |
| 260 |
_aSanto Domingo : _bBúho, _c2007. |
||
| 300 |
_a188 p. : _bil. ; _c23 cm. |
||
| 500 | _aIncluye datos biográficos de la compiladora en la solapa de la portada. | ||
| 504 | _aIncluye referencias bibliográficas al final de los capitulos. | ||
| 590 | _aInventariado, 2020/BT | ||
| 650 | 4 |
_aAutoras dominicanas _ySIGLO XX _xCrítica e interpretación _953267 |
|
| 650 | 4 |
_aAutoras dominicanas _ySIGLO XX _xEntrevistas _953268 |
|
| 650 | 4 |
_aNovela dominicana _ySIGLO XX _953269 |
|
| 650 | 4 |
_aLiteratura dominicana _ySIGLO XX _xCrítica y interpretación _953270 |
|
| 700 | 1 | 2 |
_aMartínez Conde, Doralina A., _953271 |
| 910 | _aValidado. Control de calidad MFF | ||
| 999 |
_c25735 _d25735 |
||